000 00381nam a22001697a 4500
005 20160628165136.0
008 160628b xxu||||| |||| 00| 0 eng d
020 _a81-297-0805-1
041 _aeng
082 _b10962
100 _aRowe, Alan J.
_9254
245 _aCreative Intelligence
260 _bPearson
_c2005
300 _a142
650 _aManagement
_9241
942 _cBK
999 _c4565
_d4563